Normal view
MARC view
- Industrial clusters
Entry Topical Term
001 - CONTROL NUMBER
- control field: 19983
003 - CONTROL NUMBER IDENTIFIER
- control field: NUST
005 - DATE AND TIME OF LATEST TRANSACTION
- control field: 20190905065121.0
008 - FIXED-LENGTH DATA ELEMENTS
- fixed length control field: 190905|| aca||aabn | a|a d
040 ## - CATALOGING SOURCE
- Original cataloging agency: NUST
- Transcribing agency: NUST
150 ## - HEADING--TOPICAL TERM
- Topical term or geographic name entry element: Industrial clusters
- Geographic subdivision: East Asia.
670 ## - SOURCE DATA FOUND
- Source citation: Work cat.: (NUST)0: Reshaping economic geography 19982, Reshaping economic geography , c2009.
